000
00229nam a2200097Ia 4500
008
200302s9999 xx 000 0 und d
100
_a
Sanjay Mohe
245
_a
Connecting the dots
260
_b
Border Books Published
300
_a
203
999
_c
7272
_d
7272